00705nam a2200193Ia 450000100060000000800390000608200110004510000180005624500950007425000110016926000500018030000180023065300120024865300590026065300140031994200120033395201490034599900170049465834221223n ii |||gr||||Z||||||346 a891.44 aNath, Nirmal. 0aAdhunik Bangla Gaan : Swarnayogar itebritta (1930-1980)cBy Nirmal NathhTextual Documents aFirst. aCalcutta:bSamit Sarker,c1426 (Bengali Sak). a490pg:c23cm. aBengali aAdhunik Bangla Gaan : Swarnayogar itebritta (1930-1980 aG-Bengali 2ddccBK 001040708General aSKBLbSKBLcG--Bengalid2022-12-23f00000g400.00l0o891.44 Na 11 Aap3732/cu/benr2024-01-14 00:00:00t1w2022-12-23yBK c66927d66927